UM Logo

Pathophysiology : (Record no. 5256)

MARC details
000 -LEADER
fixed length control field 00799nam a22002177a 4500
008 - FIXED-LENGTH DATA ELEMENTS--GENERAL INFORMATION
fixed length control field 161015b xxu||||| |||| 00| 0 eng d
020 ## - INTERNATIONAL STANDARD BOOK NUMBER
International Standard Book Number 0-13-030450-6
082 ## - DEWEY DECIMAL CLASSIFICATION NUMBER
Edition number 2004
Classification number DC 616.07
Item number H67p
100 ## - MAIN ENTRY--PERSONAL NAME
9 (RLIN) 16270
Personal name Hogan, Mary Ann
245 ## - TITLE STATEMENT
Title Pathophysiology :
Remainder of title reviews & rationales/
Statement of responsibility, etc. Mary Ann Hogan, Karen Hill.
260 ## - PUBLICATION, DISTRIBUTION, ETC. (IMPRINT)
Place of publication, distribution, etc. Upper Saddle River, N.J. :
Name of publisher, distributor, etc. Prentice Hall,
Date of publication, distribution, etc. ©2004.
300 ## - PHYSICAL DESCRIPTION
Extent xvii, 588 pages :
Other physical details illustrations ;
Dimensions 26 cm.
500 ## - GENERAL NOTE
General note Includes bibliographical references and index
650 #0 - SUBJECT ADDED ENTRY--TOPICAL TERM
9 (RLIN) 16273
Topical term or geographic name as entry element Physiology, Pathological -- Outlines, syllabi, etc
650 #0 - SUBJECT ADDED ENTRY--TOPICAL TERM
9 (RLIN) 16274
Topical term or geographic name as entry element Nursing -- Outlines, syllabi, etc
650 #0 - SUBJECT ADDED ENTRY--TOPICAL TERM
9 (RLIN) 16275
Topical term or geographic name as entry element Nursing Assessment -- methods
650 #0 - SUBJECT ADDED ENTRY--TOPICAL TERM
9 (RLIN) 16276
Topical term or geographic name as entry element Pathology
700 ## - ADDED ENTRY--PERSONAL NAME
9 (RLIN) 16277
Personal name Hill, Karen
365 ## - TRADE PRICE
Price amount 2,000.00
Currency code Php
942 ## - ADDED ENTRY ELEMENTS (KOHA)
Source of classification or shelving scheme Dewey Decimal Classification
Koha item type Circulation
Holdings
Withdrawn status Lost status Source of classification or shelving scheme Damaged status Not for loan Collection code Home library Current library Date acquired Source of acquisition Total Checkouts Full call number Barcode Date last seen Cost, replacement price Price effective from Koha item type
    Dewey Decimal Classification     Circulation UM Digos College - LIC UM Digos College - LIC 09/13/2004 Purchased   DC 616.07 H67p 2004 17816 05/15/2025 2000.00 10/15/2016 Circulation